=LDR 00000nam 2200000 4500 =001 INLIS000000000056359 =005 20200828080716 =035 ##$$a 0010-0820000500 =007 ta =008 200828###########################0#eng## =020 ##$$a 0-945971-10-9 =082 ##$$a R.915.984 =084 ##$$a R.915.984 Sul s =245 ##$$a Sulawesi : $b The Celebes =300 ##$$a 253 halaman : $b Ilustrasi ; $c 23 Cm. =500 ##$$a Index: halaman 241-252 =650 #4$$a Sulawesi - Buku Pedoman - Diskripsi dan Perjalanan =700 #$$a Editor : Toby Alice Volkman and Ian Caldwell =264 ##$$a Singapore :$b Periplus Editions,$c 1992 =336 ##$$a teks$2 rdacontent =337 ##$$a lain-lain$2 rdamedia =338 ##$$a lain-lain$2 rdacarrier =990 ##$$a 31093109